=LDR 00000nam 2200000 4500 =001 INLIS000000000036051 =005 20250325075154 =035 ##$$a 0010-061300000036051 =008 250325################g##########0#ind## =041 ##$$a Ind =082 ##$$a 658.401 2 =090 ##$$a 658.481, wah =100 ##$$a Agustinus Sri Wahyudi =245 1#$$a Manajemen strategik : $b pengantar proses berpikir strategik /$c Agustinus Sri Wahyudi =260 ##$:$b Binarupa aksara,$c 1996 =300 ##$$a xv, 229 hlm. : $b ilus. ; $c 25 cm =850 ##$$a NBPNMAT =020 ##$$a 979-583-600-5 =084 ##$$a 658.401 2 AGU m =250 ##$$a Cet. 1 =650 #4$$a Manajemen Strategi =990 ##$$a 51100057 =990 ##$$a 51100057